| 000 | 00439nam a2200181Ia 4500 | ||
|---|---|---|---|
| 003 | OSt | ||
| 005 | 20140403150656.0 | ||
| 008 | 140130s9999 xx 000 0 und d | ||
| 050 |
_aPZ 7 _b.L5827Se 1994 |
||
| 245 |
_cLevy, Elizabeth _aThe schoolyard mystery |
||
| 260 |
_bScholastic, _c2003 |
||
| 300 |
_a1 v. (unpaged) : _bcol. ill. ; _c 22 cm. |
||
| 440 | _v1 | ||
| 521 | _aG2 | ||
| 526 | _c410 | ||
| 942 |
_cBK _2lcc |
||
| 999 |
_c40284 _d40284 |
||